The sleep-walkers /

Gorde:
Xehetasun bibliografikoak
Egile nagusia: Karp, David, 1922-
Formatua: Liburua
Hizkuntza:English
Argitaratua: London : Gollancz, 1960.
LEADER 00712nam a2200205 a 4500
001 c000069623
003 CARM
005 00000000000000.0
008 921008s1960 enk 00011 eng d
019 1 |a 9347263  |5 LACONCORD2021 
035 |a (OCoLC)18848045  |5 LACONCORD2021 
040 |a VLINC  |c VLINC 
100 1 |a Karp, David,  |d 1922- 
245 1 4 |a The sleep-walkers /  |c by David Karp. 
260 |a London :  |b Gollancz,  |c 1960. 
300 |a 176 p. ;  |c 20 cm. 
852 8 |b CARM  |h A2:AG04G0  |i A01623  |p 0122353  |f BK 
082 0 4 |a 823.914  |2 20 
999 f f |i fc4c94a3-33c4-594c-bbe6-df7a3ba481be  |s 5268a879-8918-5196-95eb-52997b905eda 
952 f f |p Can circulate  |a CAVAL  |b CAVAL  |c CAVAL  |d CARM 1 Store  |e A01623  |f A2:AG04G0  |h Other scheme  |i book  |m 0122353